| 000 | 00623nam a2200205 a 4500 | ||
|---|---|---|---|
| 005 | 20210223124108.0 | ||
| 008 | 010518s1998 es r 000 0 spa d | ||
| 020 | _a8420679275 | ||
| 035 | _aUPN01000106462 | ||
| 049 | _aCG | ||
| 050 | 4 |
_aD521 _bF4.38a |
|
| 100 | 1 |
_aFerro, Marc, _d1924- _940565 |
|
| 245 | 1 | 3 |
_aLa gran guerra (1914-1918) / _cMarc Ferro ; pref. de Pierre Renouvin ; tr. de Soledad Ortega. |
| 260 |
_aMadrid : _bAlianza, _c1998. |
||
| 300 | _a388 p. | ||
| 440 | 3 | _aEl libro universitario | |
| 440 | 0 |
_aHistoria y geografĂa. _pEnsayo ; _v51 |
|
| 650 | 4 |
_aGUERRA MUNDIAL I, 1914-1918 _9237 |
|
| 905 | _aLibro | ||
| 999 |
_c80374 _d80374 |
||